關係力 : (Record no. 7202)
[ view plain ]
| 000 -記錄標示(系統產生) | |
|---|---|
| fixed length control field | 00875cam a2200265 i 4500 |
| 020 ## - ISBN | |
| ISBN | 9789860669800 |
| 價格 | NT$360 |
| 100 1# - 主要款目 | |
| 第一作者姓名 | 李維文 |
| 245 10 - 書籍基本資料 | |
| 書名 | 關係力 : |
| 副標題 | 用10%關鍵人物, 成就90%大事! / |
| 作者名稱 | 李維文著 |
| 250 ## - 書籍版本資料 | |
| 書籍版本 | 初版 |
| 260 ## - 書籍出版資料 | |
| 出版地 | 新北市 : |
| 出版者 | 方舟文化出版 : |
| -- | 遠足文化發行, |
| 出版年 | 2021[民110] |
| 300 ## - 外觀規格(長、寬、高) | |
| 數量(面數, 冊數或其他) | 255面 ; |
| 高廣尺寸 | 23公分 |
| 490 1# - 套書系列資料 | |
| 套書名稱 | 職場方舟 ; |
| 冊次號 | 19. |
| 942 ## - 其他項目(KOHA) | |
| 分類法來源 | 中文圖書分類法 |
| 館藏類型設定 | 一般圖書 |
| 撤銷狀態 | 遺失狀態 | 分類號來源 | 損壞狀態 | 不外借 | 永久館藏地 | 現在館藏地 | 採購日期 | 所有借閱數 | 完整索書號 | 條碼號 | 最後一次日期記錄 | 最後借出日期 | 一般價格有效日期 | Koha館藏類型 | 公開資訊 |
|---|---|---|---|---|---|---|---|---|---|---|---|---|---|---|---|
| 未註銷館藏 | 未遺失 | 中文圖書分類法 | 未損毀 | 可外借 | 怡仁綜合醫院圖書館 | 怡仁綜合醫院圖書館 | 2021-12-08 | 1 | 191.9 | C02787 | 2022-05-18 | 2022-05-04 | 2021-12-08 | 一般圖書 | 用對「關係力」,以90%的精力經營10%的關鍵關係。你認識誰比你是誰更重要,三大步驟,讓人脈網絡為你的理想人生效力! |